000
00272nam a2200109Ia 4500
008
190919s9999||||xx |||||||||||||| ||und||
100
_a
Bole,Leonard
245
0
_a
Time and Logic a computational approach
260
_a
USA
_b
McGraw -Hill
_c
2002
300
_a
881
942
_c
BK
999
_c
10241
_d
10241